Times por Escudo - Série A (Italia) 24/25 - Statistics

Estatísticas Gerais
  • Esse quiz foi jogado 151 vezes
  • A pontuação média é 16 de 20
Estatísticas das Respostas
Imagem Resposta % Correto
Juventus
99%
Roma
98%
Fiorentina
96%
Milan
96%
Atalanta
95%
Lazio
95%
Internazionale
93%
Bologna
90%
Torino
89%
Parma
87%
Udinese
83%
Genoa
79%
Cagliari
76%
Napoli
69%
Como
67%
Monza
64%
Verona
64%
Lecce
63%
Empoli
62%
Venezia
62%
Nenhum quiz correspondente encontrado
Distribuição das Pontuações
Porcentagem de Pessoas com Cada Pontuação
Percentil de Números Respondidos
Sua Pontuação Histórica
Você não jogou esse quiz